Busiest Airports in the United States - Statistics

General Stats
  • This quiz has been taken 110 times
  • The average score is 27 of 30
Answer Stats
Passengers Airport % Correct
110.5M Atlanta
100%
45.9M Miami
100%
88.1M Los Angeles
99%
50.6M Orlando
99%
84.6M Chicago-O'Hare
98%
75.1M Dallas-Fort Worth
98%
57.5M San Francisco
98%
45.5M Boston
97%
45.3M Houston-Intercontinental
97%
62.6M New York-JFK
97%
33.0M Philadelphia
97%
51.8M Seattle
97%
69.0M Denver
96%
20.8M Chicago-Midway
95%
31.1M New York-LaGuardia
95%
24.8M Washington-Dulles
93%
23.9M Washington-Reagan
92%
39.6M Minneapolis-St. Paul
90%
46.3M Phoenix-Sky Harbor
90%
25.2M San Diego
90%
51.5M Las Vegas
88%
19.9M Portland
88%
50.2M Charlotte
86%
36.8M Detroit
86%
22.5M Tampa
84%
26.8M Salt Lake City
81%
27.0M Baltimore
79%
46.3M Newark
77%
20.7M Honolulu
74%
36.7M Fort Lauderdale
57%
No matching quizzes found
Score Distribution
Percent of People with Each Score
Percentile by Number Answered
Your Score History
You have not taken this quiz